Countries With The Youngest Leaders Since 1900 - Statistics

General Stats
  • This quiz has been taken 48 times
  • The average score is 6 of 17
Answer Stats
Leader Age Country % Correct
Jean-Claude Duvalier 19 Haiti
95%
Muammar Gaddafi 27 Libya
95%
Kim Jong-Un 28 North Korea
93%
Sheikh Maktoum bin Rashid Al Maktoum 28 United Arab Emirates
51%
Giovanni Lonfernini 27 San Marino
41%
Gloriana Ranocchini 27 San Marino
37%
Andrea Zafferani 27 San Marino
37%
Giuliano Gozi 28 San Marino
37%
Maria Lea Pedini-Angelini 26 San Marino
34%
Mario Frick 28 Liechtenstein
24%
Ahmet Zogu 27 Albania
22%
Samuel Doe 28 Liberia
17%
Dogsomyn Bodoo 26 Mongolia
17%
Valentine Strasser 25 Sierra Leone
17%
Michel Micombero 26 burundi
12%
Abdessalam Jalloud 27 Libya
12%
Ieremia Tabai 28 Kiribati
5%
No matching quizzes found
Score Distribution
Percent of People with Each Score
Percentile by Number Answered
Your Score History
You have not taken this quiz